书目信息 |
| 题名: |
测量学(第四版)
|
|
| 作者: | 合肥工业大学等和 编 | |
| 分册: | ||
| 出版信息: | 北京 中国建筑工业出版社 1995.06 |
|
| 页数: | 274页 | |
| 开本: | 16开 | |
| 丛书名: | ||
| 单 册: | ||
| 中图分类: | P20 | |
| 科图分类: | ||
| 主题词: | 测绘学 , 测量学 | |
| 电子资源: | ||
| ISBN: | 7-112-02435-8 | |
| 000 | 00569nam0 2200193 45 | |
| 001 | 0011200941 | |
| 005 | 20080620162535.51 | |
| 010 | @a7-112-02435-8@d18.00元 | |
| 100 | @a20001120d1995 km y0chiy0120 ea | |
| 101 | 0 | @achi |
| 200 | 1 | @a测量学(第四版)@ACe Liang Xue(Di Si Ban)@f合肥工业大学等和编@FHe Fei Gong Ye Da Xue Deng He Bian |
| 210 | @a北京@c中国建筑工业出版社@d1995.06 | |
| 215 | @a274页@d16开 | |
| 606 | 0 | @a测绘学 |
| 606 | 0 | @a测量学 |
| 690 | @aP20@v3 | |
| 701 | 0 | @a合肥工业大学等和@4编 |
| 801 | @aCN@bPftUser@c20080620 | |
| 905 | @b417093-097@dP20@eH:266=4@f5 | |
| 测量学(第四版)/合肥工业大学等和编.-北京:中国建筑工业出版社,1995.06 |
| 274页;16开 |
| ISBN 7-112-02435-8:18.00元 |
| ● |
| 相关链接 |
|
|
|
正题名:测量学(第四版)
索取号:P20/H:266=4
 
预约/预借
| 序号 | 登录号 | 条形码 | 馆藏地/架位号 | 状态 | 备注 |
| 1 | 417093 | 204170930 | 社科二线400B/400B社科库 1排1列6层/ [索取号:P20/H:266=4] | 在馆 | |
| 2 | 417094 | 204170949 | 社科二线400B/400B社科库 3排4列1层/ [索取号:P20/H:266=4] | 在馆 | |
| 3 | 417095 | 204170958 | 社科二线400B/400B社科库 9排1列3层/ [索取号:P20/H:266=4] | 在馆 | |
| 4 | 417096 | 204170967 | 社科二线400B/400B社科库 3排4列1层/ [索取号:P20/H:266=4] | 在馆 | |
| 5 | 417097 | 204170976 | 社科二线400B/400B社科库 3排4列1层/ [索取号:P20/H:266=4] | 在馆 | |
| 6 | 452883 | 204528831 | 自科库401/401自科库 113排2列5层/ [索取号:P20/H:266=4] | 在馆 |